[Event "EU-ch 2nd"]
[Site "Ohrid"]
[Date "2001.06.09"]
[Round "8"]
[White "Graf, Alexander"]
[Black "Macieja, Bartlomiej"]
[Result "1/2-1/2"]
[WhiteElo "2649"]
[BlackElo "2608"]
[Annotator "Krasenkow,M"]
[PlyCount "43"]
[EventDate "2001.06.01"]
[EventType "swiss"]
[EventRounds "13"]
[EventCountry "YUG"]
[SourceTitle "CBM 084"]
[Source "ChessBase"]
[SourceDate "2001.09.13"]
[SourceVersion "1"]
[SourceVersionDate "2001.09.13"]
[SourceQuality "1"]

1. d4 Nf6 2. c4 g6 3. Nc3 d5 4. cxd5 Nxd5 5. e4 Nxc3 6. bxc3 Bg7 7. Bc4 c5 8.
Ne2 Nc6 9. Be3 O-O 10. O-O Bg4 11. f3 Na5 12. Bxf7+ Rxf7 13. fxg4 Rxf1+ 14.
Kxf1 Qd6 15. Kg1 {This move is less popular and, in my opinion, less logical
than} (15. e5) {Why retreat without invitation?} 15... Qe6 {[%cal Re6e4,Re6g4,
Ye6c4,Ya5c4] A solid, multipurpose move.} (15... Rd8 {is another option for
Black.}) 16. Ng3 {Other options:} (16. Qd3 Qc4 (16... cxd4 17. cxd4 Rd8 (17...
Rc8 18. d5 Qxg4 19. Bd4 Bxd4+ 20. Nxd4 Qg5 21. Ne6 Rc1+ 22. Rxc1 Qxc1+ 23. Kf2
Qb2+ 24. Kf3 b5 25. Qd4 $16 {1-0 Skaloud,D-Nemec,O/Hradec Kralove 1994/EXT 99 
(48)}) 18. g5 (18. h3 $5) 18... Nc4 19. Bf2 b5 20. a4 bxa4 21. Nf4 Qf7 22. Nd5
Rf8 $1 23. Bg3 Nb6 $132 {1/2-1/2 Chernin,A-Dreev,A/Lvov 1987/TD (30)}) (16...
Rd8 $143 17. h3 (17. d5 b6 18. h3 Qd7 19. Rf1 Nb7 20. Bg5 Re8 21. Qe3 Nd6 22.
Bh6 Bxh6 23. Qxh6 e5 $44 {1/2-1/2 Lopez,A-Herrera,I/Mislata 1997/EXT 2000 (44)}
) 17... Nc4 18. Bf2 Bh6 19. d5 Ne5 20. Qb5 Qf6 21. Bxc5 $16 {1-0 Beaton,
K-Brignon,C/Cappelle la Grande 1995/EXT 97 (28)}) (16... Qxg4 $143 17. dxc5 (
17. Rd1 $5) 17... Nc6 18. h3 Qe6 19. Qd5 Qxd5 20. exd5 Nb4 21. Rd1 Nxa2 22. Bd4
b5 23. Bxg7 Kxg7 24. Rd2 Nxc3 25. Nxc3 b4 26. Na4 $18 {1-0 Follic,J-Le Corre,P/
Morbihan 1999/EXT 2001 (45)}) (16... Rf8 $5 17. g5 Nc4 18. d5 Ne5 19. dxe6 (19.
Qb5 Qg4 20. Ng3 b6) 19... Nxd3 20. Rf1 b6 21. Rxf8+ Kxf8 22. Kf1 Ke8 {1/2-1/2
Zweifel,R-Bajraktari,P/Bern 1996/CBM 51 ext (53)}) 17. Qxc4+ (17. Qd2 cxd4 18.
cxd4 Qa6 {[%cal Ra5b3,Ya5c4]}) 17... Nxc4 18. Bg5 (18. Bf2 cxd4 19. cxd4 e5 (
19... Nd2 20. e5 Rc8 21. Be3 Rc2 22. Rc1 Rxc1+ 23. Nxc1 Nc4 24. Bg5 e6 25. Nd3
Bf8 26. Kf2 Kf7 27. Ke2 b5 28. Nf2 Nb6 29. Ne4 Nd5 $44 {1-0 Olsen,H-Brinck
Claussen,B/Copenhagen 1998/EXT 99 (39)}) 20. d5 Nd6 (20... Bh6 21. h4 Bd2 22.
Rd1 Ba5 (22... b5 $5) 23. Rc1 b5 24. Rc2 Nd6 25. Ng3 Nc4 26. Nf1 Nd6 27. Ng3
Nc4 28. g5 $1 $14 {0-1 Karpov,A-Kasparov,G/Sevilla 1987/MainBase/[Bulletin] 
(50)}) 21. Ng3 Bh6 22. Bc5 Nc4 23. h4 Rc8 24. Bf2 Bf4 25. Ne2 Bd2 26. Rd1 a5
27. g5 b5 $36 {0-1 Naumkin,I-Neverov,V/Moscow 1989/EXT 97 (37)}) 18... h6 (
18... cxd4 19. cxd4 e5 20. Rc1 b5 21. dxe5 Bxe5 22. Rd1 Rc8 (22... Re8 $142 $11
) 23. Bf4 Bg7 24. Rd5 a6 25. Kf2 Re8 26. Kf3 Kf7 27. h4 Ne5+ 28. Bxe5 Rxe5 29.
Rd3 $1 $16 {1/2-1/2 Seirawan,Y-Hort,V/Lugano 1988/EXT 97 (41)}) (18... e5 19.
d5 b5 20. Rb1 Rb8 21. Kf2 (21. a4 $142 $1 $14 {Lputian,S}) 21... a5 22. Nc1 h6
23. Be3 Nxe3 $2 (23... Nd6 $1 $11 {Lputian,S}) 24. Kxe3 c4 25. Ne2 Bf8 26. Ng1
Bc5+ 27. Ke2 Bxg1 28. Rxg1 $14 {1-0 Lputian,S-Hansen,C/Dortmund 1988/CBM 07 
(44)}) 19. Bxe7 cxd4 $2 (19... Re8 20. Bxc5 b6 21. Bxb6 axb6 22. e5 $13 {
Lputian,S}) 20. cxd4 Re8 21. Rc1 $14 Na5 $2 22. Rc7 Nc6 23. Bc5 Rxe4 24. Kf2 $1
Bxd4+ 25. Nxd4 Nxd4 26. Rxb7 Nc6 27. h3 $16 {1-0 Seirawan,Y-Lputian,S/Saint
John 1988/CBM 06 (58)}) (16. Qc2 $6 Qxg4 (16... cxd4 17. cxd4 Rc8 18. Qd3 Qxg4
19. Rc1 Rxc1+ 20. Nxc1 Qd7 21. Qc3 b6 22. Nb3 Qc6 {1/2-1/2 Bekker Jensen,
A-Jorgensen,M/Copenhagen 1998/CBM 65 ext (32)}) 17. dxc5 Nc4 $44 18. h3 $4
Qxg2+ $1 19. Kxg2 Nxe3+ 20. Kg3 Nxc2 {0-1 Huin,E-Delphine,F/Meudon 1992/EXT 98
(26)}) (16. e5 Qxg4 17. Nf4 Qxd1+ 18. Rxd1 Nc4 19. Bf2 cxd4 20. cxd4 Rc8 21.
Nd5 Kf8 $11 {1-0 Fer,S-Vokarev,S/Perm 1993/CBM 36 ext (56)}) 16... Qc4 (16...
Nc4 $143 17. Qb3 b5 18. a4 b4 19. Rc1 Rc8 20. cxb4 (20. d5 $5 Qa6 21. cxb4 cxb4
22. Bg5 $16) 20... cxd4 21. Bf2 Qf7 $13 {1/2-1/2 Astengo,C-Fasoli,S/Corsico
1991/EXT 2000 (62)}) (16... cxd4 {is quite possible:} 17. cxd4 (17. Bxd4 $6 Rd8
18. Qa4 b6 (18... Bxd4+ 19. cxd4 Qb6 20. Rd1 e5 {1/2-1/2 Ellenbroek,T-Kohler,A/
Dieren 1991/EXT 97 (53)}) 19. Bxg7 Kxg7 20. Rd1 Qc4 21. Qxc4 Rxd1+ 22. Qf1
Rxf1+ 23. Kxf1 Kf6 {0-1 Markl,M-Bromberger,S/Passau 1999/EXT 2000 (100)}) 17...
Rd8 18. Rc1 (18. d5 $6 Bxa1 19. Qxa1 Qf6 {0-1 Kiltti,J-Salokangas,H/Tampere
1992/EXT 98 (41)}) 18... Qb6 {[%csl Rd4] 1/2-1/2 Sorsak,J-Matulik,D/Bratislava
1990/EXT 2001 (24)}) 17. Qd2 (17. Rc1 cxd4 18. cxd4 Qxa2 19. Rc7 b5 20. d5 Nc4
21. Bc5 Nb2 $1 22. Qf1 Rf8 23. Qxb5 Qb1+ 24. Nf1 Qd1 25. Rxe7 Bd4+ 26. Bxd4
Qxd4+ 27. Kh1 Nd3 {0-1 Dadason,G-Jensson,E/Reykjavik 1996/EXT 98 (27)}) (17.
Qe2 Qxc3 18. Rc1 Qxe3+ $1 19. Qxe3 Bxd4 20. Kf2 Bxe3+ 21. Kxe3 b6 22. g5 Rd8
23. Ne2 Nc6 24. Nf4 Rd4 25. Rf1 Ne5 26. Ne6 Nc4+ 27. Kf4 Rd6 28. Rc1 Nb2 29.
Rc2 Nd3+ 30. Ke3 Nb4 31. Rd2 Rxe6 32. a3 Rd6 {0-1 Orso,J-Kocsis,L/Hungary 1998/
EXT 2000 (32)}) (17. Ne2 Rd8 18. Qd2 Qe6 19. Bh6 Qxe4 20. Bxg7 Kxg7 21. Nf4 Nc4
22. Qf2 cxd4 23. Re1 Ne3 24. cxd4 Rxd4 25. g3 Rd1 26. Qb2+ Kh6 27. Rxd1 Nxd1
28. g5+ Kxg5 29. Nh3+ Kh6 30. Nf2 Qe1+ {0-1 Madhy,N-Fairbairn,S/Copenhagen
1998/CBM 65 ext (30)}) 17... Rd8 $146 (17... Qa6 18. Qe2 Nc4 19. Bf2 cxd4 20.
cxd4 e5 21. Rc1 b5 22. d5 Qa3 23. Rc2 $13 {1-0 Puth,D-Hoegerl,G/Wittlich 1997/
EXT 2000 (40)}) {The text move is more accurate as the black queen can retreat
to a4 (the more active square).} 18. Rc1 (18. Rd1 Qa4 {[%csl Rd1][%cal Ra5c4]})
18... Qa4 {[%cal Ga4a2,Ga4d1,Ga4d4]} 19. Bh6 $6 {Realizing that his position
is by no means better, White is looking for a perpetual check. However, as
this attempt fails, he should prefer something else, say,} (19. d5) 19... Bxh6
20. Qxh6 cxd4 21. Nh5 (21. Nf5 gxf5 22. Qe6+ Kf8 23. Qxf5+ Ke8 24. Qh5+ (24. e5
dxc3 25. Rf1 Nc6 26. e6 Qd4+ 27. Kh1 Qf6 $19) 24... Kd7 {leads to a position
from the next annotation.}) 21... gxh5 22. Qg5+ {After this move the players
agreed a draw. However, as Bartlomiej Macieja found after the game, the black
king could easily escape checks, maintaining winning chances:} (22. Qe6+ Kf8 {
doesn't change much.}) (22. Qg5+ Kf8 (22... Kf7 {is possible, too:} 23. Qxh5+ (
23. Qf5+ $142 Ke8 {-22...Kf8}) 23... Ke6 24. Qf5+ Kd6 25. Qd5+ Kc7 26. cxd4+
Nc6 27. Qe5+ Kc8 28. Qf5+ (28. d5 Qd1+) 28... Kb8) 23. Qf5+ (23. e5 $5 Qb5 (
23... Qxa2 24. Rf1+ Ke8 25. e6 Qxe6 26. Qxh5+ Qg6 27. Qxa5 {is less clear}) 24.
cxd4 (24. Qh6+ Kg8 ({or} 24... Ke8 25. Qxh5+ (25. e6 Qe5 {[%cal Re5e3]} 26. Kh1
Rd6 $19) 25... Kd7 26. cxd4 Qd5 27. Qf5+ Ke8 $17) 25. Qg5+ Kh8 26. Qxe7 Qb6 $1
{[%cal Gb6d8,Gb6f6,Gb6g1]} 27. e6 dxc3+ 28. Kh1 Qd4 $19) 24... Qd5 $1 25. Rf1+
Ke8 26. Qxh5+ Kd7 $19) (23. Rf1+ Ke8 $19) (23. Qxh5 Nc6 24. Qxh7 (24. Rf1+ Kg8)
24... dxc3 $19) 23... Ke8 24. Qxh5+ Kd7 25. Qf5+ Kc7 (25... e6 $143 26. Qf7+
Kd6 27. Qf4+) 26. cxd4+ (26. Qe5+ Kb6) 26... Kb8 27. Qe5+ Ka8 28. d5 Re8 29.
Qxe7 a6 30. Qxh7 Qd4+ 31. Kh1 Rxe4 $17) 1/2-1/2

[Event "Olympiad-39"]
[Site "Khanty-Mansiysk"]
[Date "2010.09.29"]
[Round "8.1"]
[White "Topalov, Veselin"]
[Black "So, Wesley"]
[Result "1/2-1/2"]
[WhiteElo "2803"]
[BlackElo "2668"]
[Annotator "Krasenkow,M"]
[PlyCount "103"]
[EventDate "2010.09.21"]
[EventType "team-swiss"]
[EventRounds "11"]
[EventCountry "RUS"]
[SourceTitle "CBM 139"]
[Source "ChessBase"]
[SourceDate "2010.11.18"]
[SourceVersion "1"]
[SourceVersionDate "2010.11.18"]
[SourceQuality "1"]
[WhiteTeam "Bulgaria"]
[BlackTeam "Philippines"]
[WhiteTeamCountry "BUL"]
[BlackTeamCountry "PHI"]

1. d4 Nf6 2. c4 g6 3. Nc3 d5 4. cxd5 Nxd5 5. e4 Nxc3 6. bxc3 Bg7 7. Bc4 c5 8.
Ne2 Nc6 9. Be3 O-O 10. O-O Qc7 11. Rc1 Rd8 12. Qd2 {This move is not too
popular but quite decent.} Ne5 (12... Qa5 {is the main line.}) 13. Bb3 (13. Bd5
e6 14. dxe5 exd5 15. Bg5 Re8 16. exd5 Bxe5 17. f4 (17. Ng3 f5 18. f4 Bd6 $15 {
0-1 Gligoric,S (2565)-Savon,V (2540)/Ljubljana 1977/MCD (42)}) 17... Bg7 18. d6
Qc6 19. Be7 b5 20. f5 Bxf5 21. Rxf5 gxf5 22. Ng3 c4 $13 {0-1 Gligoric,S (2565)
-Tseshkovsky,V (2590)/Ljubljana 1977/MCD (32)}) 13... Ng4 (13... c4 $6 14. Bc2
Ng4 15. Bf4 e5 16. Bg3 Qa5 17. Rfd1 (17. Bh4 $6 Rxd4 $1 18. Nxd4 exd4 19. h3
Ne5 20. f4 Nd3 21. Bxd3 dxc3 22. Qe2 cxd3 23. Qxd3 b5 $44 {0-1 Ftacnik,L (2535)
-Dvoirys,S (2470)/Sochi 1982/MCD (49)}) 17... Bh6 18. f4 exd4 19. cxd4 Qxd2 20.
Rxd2 b5 21. h3 Ne3 22. Bb1 b4 23. a3 a5 24. axb4 axb4 25. Kf2 c3 26. Ra2 $1 $16
{1-0 Kluve,S (2568)-Pfretzschner,R (2506)/corr ICCF 1999/80 telechess (50)})
14. Bf4 e5 15. Bg3 (15. Bg5 $2 exd4 $1 16. g3 d3 $1 17. Bxd8 Qxd8 18. Kg2 Bh6
19. f4 Qc7 20. Ng1 c4 21. Bd1 Qe7 $17 {[%csl Gd3] 1/2 Schrader,A-Kapfenstein,A/
www.desc-online.de 2005/Telechess CBM 113 (33)}) 15... Qe7 (15... Bh6 $2 16.
Bxe5 $1 Qxe5 17. Qxh6 Qxe4 18. Bxf7+ $1 Kxf7 19. Qxh7+ Kf6 (19... Kf8 20. Qh8+
Ke7 21. Qg7+ Kd6 22. dxc5+ Kc6 23. Nd4+ Rxd4 24. cxd4 Be6 25. Rce1 Qf5 26. f3 {
1-0 Tarjan,J (2525)-Castro Rojas,O (2430)/Bogota 1979/EXT 2003}) 20. Ng3 Qe7
21. Ne4+ $1 Qxe4 22. Rce1 $18 {1-0 Muratov,V-Kremenietsky,A/Soviet Union 1974/
EXT 2010 (27)}) 16. h3 (16. f3 Bh6 17. Qb2 Ne3 18. Rfe1 c4 19. Ba4 f6 20. Rb1
Qd6 21. dxe5 fxe5 22. Bf2 Qf6 23. Ng3 Rd3 $36 {0-1 Petidis,K-Nemeth,L/LSS 2006/
Telechess CBM 127 (38)}) (16. Bd5 Bh6 $1 (16... exd4 17. cxd4 cxd4 18. Rc7 Rd7
19. Rfc1 $16 {1-0 Spassky,B (2565)-Roos,D (2410)/France 1993/TD (23)}) (16...
Be6 17. dxe5 c4 18. f4 Bxd5 19. exd5 Qc5+ 20. Nd4 Rxd5 21. Qe2 Qc8 22. Rce1 $14
{1/2 Toth,B (2390)-Castro Rojas,O (2420)/Rome 1980/MCD (42)}) 17. f4 exd4 18.
cxd4 Be6 19. Bxe6 Qxe6 20. Bh4 Re8 21. Nc3 cxd4 22. Qxd4 Bg7 23. e5 f6 24. Nd5
Rad8 25. Rcd1 Ne3 26. Qxe3 Rxd5 27. Qxa7 Rxd1 28. Rxd1 fxe5 29. fxe5 {1/2
Valeinis,J-Bendig,F/LSS 2007/Telechess CBM 127}) 16... Nf6 (16... Bh6 17. f4
Nf6 {1-0 Jeremic,V-Manescu,T (2070)/Cannes 1997/EXT 2000 (59)} 18. Bh4 $16) 17.
Qe3 $1 $146 {[%mdl 8]} (17. f3 Nh5 18. Bf2 cxd4 19. cxd4 exd4 20. Nxd4 Be6 $11
{0-1 Vakhidov,J-Faizulaev,A/Tashkent 2007/CBM 119 ext (49)}) 17... exd4 18.
cxd4 cxd4 (18... Qxe4 19. Be5 $1 {and White keeps unpleasant pressure:} cxd4
20. Nxd4 Bf5 (20... Qxe3 21. fxe3 Nd5 22. Bxg7 Kxg7 23. e4 Nf6 24. Rc7 $1 $16)
(20... Bh6 $5 21. Qxh6 Qxe5 22. Nf3 $1 $36) 21. Nxf5 Qxf5 22. Bxf6 Bxf6 23. Rc7
Rf8 24. Rxb7 $14) 19. Nxd4 Ng4 $5 {This tactical trick doesn't solve Black's
problems.} (19... Qxe4 20. Be5 {- see previous annotation.}) 20. hxg4 Bxd4 21.
Qf3 $1 Be6 (21... Bb6 22. g5 {[%cal Yf3f6]} Be6 23. Be5 $1 $36) 22. Rc7 Rd7 23.
Bh4 $1 Qxh4 (23... Qd6 $2 24. Rxd7 Qxd7 25. Rd1 {[%cal Gd1d7]}) 24. Rxd7 Bxd7
25. Qxf7+ Kh8 26. Qd5 $1 (26. Qxd7 $143 Rd8 $132) 26... Qf6 27. g5 $1 Qg7 (
27... Qe5 28. Qxd7 Qxe4 (28... Rf8 29. Qd5) 29. Rd1 Bg7 30. Bd5 {- White keeps
an extra pawn in a much more favourable version.}) 28. Rd1 Bxf2+ 29. Kxf2 $16 {
[%csl Ge4,Rh8] The material is equal now but White keeps the better prospects
due to his strong passed pawn and the poor position of the black king.} Rf8+ (
29... Bc6 30. Qd8+ $1 Qf8+ 31. Qf6+ $1 Qxf6+ 32. gxf6 Bxe4 33. g4 $16 {[%csl
Gf6]}) 30. Kg3 $2 {Alas! Deep home preparation (I am 100% sure that this
position had been on Topalov's computer long before the game) has only one but
an essential drawback: it is impossible for a human to remember everything.
The text move lets White's advantage slip.} (30. Kg1 $142 $1 Bc6 31. Qc5 {
avoiding the checks on c7 and e5 and keeping a clear plus, e.g.} Re8 (31...
Bxe4 $4 {loses due to} 32. Rd7 $1 Qa1+ 33. Kh2 Re8 34. Qc7) 32. Rf1 {etc.})
30... Bc6 31. Qc5 Re8 32. Rf1 h6 (32... h5 {was even more accurate, e.g.} 33.
Rf6 (33. Rf7 Qe5+) (33. gxh6 Qc7+ $1 34. e5 Qxe5+ 35. Qxe5+ Rxe5 $11) 33...
Qc7+ 34. e5 Qxe5+ 35. Qxe5 Rxe5 36. Rxg6 Re2 $11) 33. Rf7 Qe5+ 34. Qxe5+ Rxe5 {
[%mdl 4096]} 35. gxh6 Rxe4 {Black easily holds his ground in this ending as
the white king is cut off.} 36. Kh3 ({The rook ending after} 36. Bd1 Rd4 37.
Bf3 {is drawn, e.g.} Ra4 38. Bxc6 bxc6 39. Rg7 Rxa2 (39... g5 $5 40. Rxg5 $140
Kh7) 40. Rxg6 c5 41. Kh4 (41. Rc6 Kh7 42. Kh3 Rb2 43. g4 Rb6 $1 $11) 41... Kh7
42. Kh5 c4 43. Rg7+ Kh8 44. g4 Ra5+ 45. g5 Rc5 46. Rxa7 c3 $11) 36... Re5 37.
g3 (37. Bd1 Rf5 $5) 37... Rc5 38. Kg4 a5 39. Rg7 a4 40. Be6 Re5 41. Bc8 (41.
Bf7 Bd7+ 42. Kf4 Rf5+ 43. Ke4 (43. Ke3 Re5+ 44. Kd4 Re7 45. Kc5 Be6 46. Bxe6
Rxe6 47. Kb5 (47. Rxb7 Re2 48. a3 Re3 $11) 47... Re2 $1 48. a3 Rb2+ 49. Kxa4
b5+ 50. Ka5 Rb3 51. Rxg6 Kh7 $11) 43... Rh5 $1 44. Rg8+ Kh7 45. Bxg6+ Kxg8 46.
Bxh5 Kh7 47. a3 Kxh6 48. Be2 (48. Bd1 b5 49. Kd3 b4 50. axb4 a3 51. Kc3 Kg5 $11
52. Kb3 Ba4+ $1) 48... Kg5 $1 (48... b5 $2 49. Kd4 b4 50. axb4 a3 51. Kc3 Kg5
52. Kb3) 49. Kd4 Kf5 50. Kc5 Ke4 51. Bb5 Be6 52. Bxa4 Kf3 53. Bd1+ Kxg3 $11)
41... Bd5 42. a3 b5 43. Ra7 (43. Rxg6 $6 b4) 43... Re8 44. Bb7 Re4+ $1 {
The simplest.} 45. Kg5 Re7 46. Ra8+ Kh7 47. Bxd5 Re5+ 48. Kf6 Rxd5 49. g4 Rc5
50. Rb8 Rc6+ 51. Kg5 Rc5+ 52. Kf6 1/2-1/2

[Event "Amsterdam NH Hotels 5th"]
[Site "Amsterdam"]
[Date "2010.08.14"]
[Round "3"]
[White "Caruana, Fabiano"]
[Black "Svidler, Peter"]
[Result "1-0"]
[WhiteElo "2697"]
[BlackElo "2734"]
[Annotator "Krasenkow,M"]
[PlyCount "89"]
[EventDate "2010.08.12"]
[EventType "schev"]
[EventRounds "10"]
[EventCountry "NED"]
[SourceTitle "CBM 138"]
[Source "ChessBase"]
[SourceDate "2010.09.17"]
[SourceVersion "1"]
[SourceVersionDate "2010.09.17"]
[SourceQuality "1"]

1. d4 Nf6 2. c4 g6 3. Nc3 d5 4. cxd5 Nxd5 5. e4 Nxc3 6. bxc3 Bg7 7. Bc4 c5 8.
Ne2 Nc6 9. Be3 O-O 10. O-O Qc7 11. Rc1 Rd8 12. Bf4 Be5 {The theory of this
line is booming! We examined it in CBM 132 (annotations to Caruana -
Morozevich) and CBM 134 (Shirov - Svidler). Here I'll only quote some
important games played in 2010.} 13. Bxe5 (13. Bg3 Bxg3 14. fxg3 (14. Nxg3 Qf4
15. Bd5 cxd4 16. cxd4 Bg4 17. f3 Bd7 18. Ne2 Qe3+ 19. Kh1 e6 20. Rc3 Qh6 21.
Bb3 Na5 22. d5 Bb5 23. Rc5 Bxe2 24. Qxe2 Nxb3 25. axb3 exd5 26. Rxd5 Rxd5 27.
exd5 Rd8 28. Qe7 Rxd5 29. Qxb7 Rd3 30. Qxa7 Rxb3 31. Rd1 Qe3 {1/2 Butnorius,A 
(2437)-Timoscenko,G (2495)/Thessaloniki 2010/CBM 135 Extra}) 14... e6 15. Qe1
$6 {Hardly a good idea instead of the usual} (15. Qd2) 15... cxd4 16. cxd4 Nxd4
17. Nxd4 Qb6 18. Kh1 Qxd4 19. Bb3 Bd7 $17 {1/2 Benitah,Y (2382)-Lagarde,M 
(2414)/Belfort FRA 2010/The Week in Chess 824 (51)}) 13... Nxe5 14. Bb3 Ng4 15.
Ng3 Qf4 16. Qe1 $1 {[%cal Rh2h3][%mdl 4] A considerable improvement on
previous top-level games; not a novelty, however, as it had been played in a
correspondence game earlier on.} (16. Qf3 $6 Qxf3 17. gxf3 Nf6 18. Rfd1 Bh3 19.
Ne2 Nh5 20. dxc5 Rxd1+ 21. Rxd1 Rc8 22. Bd5 Rxc5 23. Bxb7 Rg5+ 24. Ng3 Nf4 25.
Ba6 h5 26. Rd4 Ra5 27. Bc4 e5 28. Rd8+ Kg7 29. Nf1 Ra3 30. Ne3 Rxc3 $17 {
0-1 Nyback,T (2643)-Ni Hua (2657)/Wijk aan Zee 2010/CBM 135 (38)}) (16. h3 Nf6
17. Re1 e5 18. d5 Ne8 19. Re3 Nd6 20. Qe1 Bd7 21. Nf1 b5 22. Nd2 a5 $15 {
1/2 Svensson,S-Meier,W (2199)/Dresden GER 2010/The Week in Chess 798 (45)}) (
16. Qc2 $5 cxd4 $6 (16... b5) (16... b6) 17. cxd4 Bd7 18. Qb2 (18. Qc7 $14)
18... Rac8 19. h3 Nf6 20. e5 Ne4 21. Nxe4 Qxe4 22. d5 a5 23. a3 b5 24. Rfe1 Qf4
25. Rcd1 Qg5 26. Re3 Bf5 27. Qd4 $16 {1-0 Grigorov,G (2501)-Iotov,V (2569)/
Albena 2010/CBM 136 Extra (34)}) 16... Nf6 (16... cxd4 17. cxd4 Rxd4 $2 18. h3
Ne5 19. Ne2 $18) (16... e5 17. h3 Nf6 18. dxe5 Qxe5 19. f4 $36) (16... b5 17.
h3 c4 (17... Nf6 18. e5 Nd5 19. dxc5 $16 {[%cal Yc3c4]}) 18. Bc2 Nf6 19. a4 a6
20. Ne2 Qc7 21. Qd2 Bd7 22. Ra1 Rdb8 23. f4 $5 (23. axb5 axb5 24. d5 $14) 23...
bxa4 24. f5 Rb2 25. fxg6 fxg6 26. e5 Nh5 27. g4 Ng7 28. Rf2 $36 {1-0
Szczepanski,Z (2442)-Kuhne,D (2310)/Lechenicher SchachServer 2009/Telechess
CBM 137 (40)}) (16... b6 17. h3 Nf6 18. e5 Nd5 19. Bxd5 Rxd5 20. c4 Rd8 21. d5
$14 {is similar to the game.}) 17. e5 Nd5 18. Bxd5 (18. dxc5 Nc7 {[%cal Yc8e6]
is not so convincing now}) 18... Rxd5 19. c4 $1 Rd8 (19... Rxd4 $2 20. Ne2) 20.
d5 {[%csl Gd5,Ge5] White has created a strong pawn centre; Black must
immediately undermine it.} b5 $1 21. Qa5 Bd7 22. Rfe1 ({The simple} 22. cxb5 {
is apparently even stronger:} Qb4 $5 (22... Qxe5 23. Rxc5 Be6 24. Rd1 $1 Bxd5
25. Nf1 e6 26. Ne3 $16) 23. Qc7 $1 Bxb5 (23... Rac8 24. Qxa7 Bxb5 25. Rfd1 Ba4
$1 26. Re1 $1 Rxd5 27. a3 $1 (27. Qxe7) 27... Qh4 28. Ne4 $16) 24. Rb1 Qa4 25.
Rfd1 Bc4 26. Qxc5 $16) 22... Be8 (22... a6 $5) 23. cxb5 Rxd5 24. b6 (24. Ne2 $5
Qb4 25. Qc7 $14) (24. e6 $5) 24... Rd2 $2 {White now wins a pawn keeping his
positional advantage.} (24... Rxe5 $8 25. b7 (25. bxa7 $6 Rd5 {[%cal Rd5d7]})
25... Rb8 26. Qxa7 Rxe1+ 27. Rxe1 Bc6 28. Qxc5 Bxb7 29. Qxe7 $14 {This pawn
loss is relatively favourable for Black; he has chances to survive thanks to
his strong bishop.}) 25. Ne4 $1 Rb2 26. Qxc5 Rxb6 27. Qxe7 $16 {[%csl Rf6,Rg8]}
Bc6 28. Nf6+ Kg7 29. Rf1 h6 30. Rc3 Rab8 31. Qc5 Ra6 $6 (31... Bb7 $142) 32.
Qd6 Rbb6 $6 {This leads to new material losses but} (32... Rc8 33. a4 $1 {
is almost a stalemate} Qxa4 $140 34. Nh5+ $1 $18) 33. Re3 $6 (33. Nh5+ $142
gxh5 34. Rg3+ Qxg3 (34... Kh7 35. Qf8 $18) 35. Qf6+ Kf8 36. hxg3) 33... Rxa2 {
Black allows the same blow as on the previous move. Well, he had no good
defence anyway. E.g.} (33... Qb4 34. Nh5+ Kh7 $1 35. Qf6 Qf8 36. e6 $1 $18) (
33... Qc4 34. Nh5+ $1 gxh5 35. Rg3+ Kh7 36. Qf8 Qxf1+ 37. Kxf1 Rb1+ 38. Ke2
Rxa2+ 39. Ke3 Rb3+ (39... Re1+ 40. Kd4 Rd1+ 41. Kc5 Rc2+ 42. Kb4 Rb1+ 43. Rb3
a5+ 44. Kxa5 Ra2+ 45. Kb4 Ra4+ 46. Kc3 Rxb3+ 47. Kxb3 Rf4 48. f3 $18) 40. Kd4
Rd2+ (40... Rxg3 41. Qxf7+ Rg7 42. Qxa2) 41. Kc5 Rxg3 42. hxg3 Bd5 43. Qd6 $18)
34. Nh5+ gxh5 35. Rg3+ Qxg3 36. Qf6+ Kg8 37. hxg3 $18 {Black can't create any
kind of fortress here.} Be4 38. Qd8+ Kh7 39. Rc1 Bf5 40. Rc7 Be6 41. Rxa7 Rxa7
42. Qxb6 Ra4 43. Qb1+ Kg7 44. f4 Ra5 45. Qd1 $1 ({But not} 45. f5 Rxe5 46. fxe6
Rxe6) (45. Qd1 Bg4 46. Qd4 Be6 47. f5 $1 $18 {It is now up to Black to find a
good reply to 16.Qe1!}) 1-0